000 01026nam0a22002651 4500
001 v19\rc\1489112
005 20260407113213.0
035 _a(NLR Aleph) 004619267
090 _a3018780
_c3018780
100 _a20060620d1880 |||y0rusy50 ca
101 0 _arus
102 _aRU
105 _ay z |||||
200 1 _aИзвлечение из отчетов сельскохозяйственных ферм Министерства государственных имуществ об агрономических опытах, произведенных на них в 1878 и 1879 гг.
210 _a[Санкт-Петербург]
_dценз. 1880
215 _a74 с.
_d24
710 0 1 _aРоссия
_bМинистерство государственных имуществ
_3RU\NLR\AUTH\889942724
_9380460
801 0 _aRU
_bNLR
_gpsbo
801 0 _aRU
_bRuMoRGB
_2psbo
801 1 _aRU
_bProSoft-M
_2rusmarc
852 _aNLR
_j18.139.1.43
899 _aRuMoRGB
_jA 156/810
899 _aБАН
942 _cBOOK
980 _aNB